000 00925cam a2200265 4500
001 WB3642-05
008 000000n2000 000 0 eng u
035 _a(Sirsi) u108929
245 _aTricky leases
260 _c2000
490 _aFinancial Times
_v20 October 2000, 30(2)
520 _aInflexible leases explain Arcadia's decision to close 55 stores in addition to the 400 already announced. In the current climate, retailers require flexibility in accommodation, yet are restricted by long leases with upwards-only rent reviews. IPD UK monthly index graphs.
590 _aWB
650 _aRETAIL PROPERTY
650 _aRENT REVIEWS
650 _aFLEXIBLE LEASES
650 _aCOMMERCIAL LEASES
650 _aRETAIL SPACE
650 _aRETAILERS
650 _aARCADIA
650 _aSHOPPING CENTRES
650 _aHIGH STREET
690 _aPROPERTY-COMMERCIAL PROPERTY-RETAIL PROPERTY
942 _n0
999 _c65037
_d65037